Pozycja Geographic Name
Liczba rekordów, w których użyto hasła: 2
001 - Numer kontrolny
- control field: 39230
003 - Identyfikator numeru kontrolnego
- control field: NUKAT
005 - Data i czas ostatniej modyfikacji
- control field: 20260330143238.0
008 - Dane kontrolne kodowane (40 znaków)
- fixed length control field: 050119n||azznnbabn |a ana |
010 ## - Numer kontrolny Biblioteki Kongresu
- numer kontrolny LC: p 2004405932
034 ## - CODED CARTOGRAPHIC MATHEMATICAL DATA
- Coordinates - westernmost longitude: E0260000
- Coordinates - easternmost longitude: E0260000
- Coordinates - northernmost latitude: N0510000
- Coordinates - southernmost latitude: N0510000
- Source: geonames
035 ## - Numer systemowy
- numer systemowy: a10194812
035 ## - Numer systemowy
- numer systemowy: (PL)a0000001019481
040 ## - Instytucja sporządzająca rekord
- inst. przygot. dane do rek. khw: WA N
- język haseł przedmiotowych/tezaurus: DBN
- inst. wprow. rek. khw: WA N
043 ## - Kod obszaru geograficznego
- ISO code: UA
151 ## - Hasło - nazwa geograficzna
- nazwa geograficzna: Wołyń (Ukraina ; kraina historyczna)
368 ## - Other Attributes
- Juris type: Krainy historyczne
451 ## - Trop zob. - nazwa geograficzna
- nazwa geograficzna: Wołyń (Ukraina)
451 ## - Trop zob. - nazwa geograficzna
- nazwa geograficzna: Volhynia
451 ## - Trop zob. - nazwa geograficzna
- nazwa geograficzna: Volin'
451 ## - Trop zob. - nazwa geograficzna
- nazwa geograficzna: Volyn'
451 ## - Trop zob. - nazwa geograficzna
- nazwa geograficzna: Волинь
451 ## - Trop zob. - nazwa geograficzna
- nazwa geograficzna: Волынь
550 ## - Trop zob. też - nazwa pospolita
- nazwa posp. lub nazwa geogr. na pocz.: Bitwa wołyńsko-podolska (1920)
550 ## - Trop zob. też - nazwa pospolita
- nazwa posp. lub nazwa geogr. na pocz.: Cmentarze Pogranicza (program)
550 ## - Trop zob. też - nazwa pospolita
- nazwa posp. lub nazwa geogr. na pocz.: Kultura Łuka-Rajkowiecka
550 ## - Trop zob. też - nazwa pospolita
- nazwa posp. lub nazwa geogr. na pocz.: Polska samoobrona na Kresach Wschodnich (1942-1944)
550 ## - Trop zob. też - nazwa pospolita
- nazwa posp. lub nazwa geogr. na pocz.: Wyprawa na Wołyń (1831)
550 ## - Trop zob. też - nazwa pospolita
- nazwa posp. lub nazwa geogr. na pocz.: Zbrodnia wołyńska (1943-1944)
551 ## - Trop zob. też - nazwa geograficzna
- nazwa geograficzna: Kresy wschodnie Rzeczypospolitej
670 ## - Źródło informacji
- źródło informacji: EP 1994
670 ## - Źródło informacji
- źródło informacji: KSNG
682 ## - Informacja o usuniętym haśle
- tekst wyjaśniający: zmienione z:
- zastąpione hasło: Wołyń (Ukraina)